000 00633nam a2200241Ia 4500
003 OSt
005 20220928115055.0
006 a|||||r|||| 00| 0
007 ta
008 220927b |||||||| |||| 00| 0 eng d
024 _a50303
037 _cTextual
040 _aSDCL
_cSDCL
_beng
041 _2eng
_aeng
082 _aV73:19'N7, L2
100 _aCrabb Cecil V
_9442967
245 0 _aAmerican foreign policy in the nuclear age
250 _a3
260 _aNew York
_b Harper And Row
_c1972
300 _ax,524p
_ccm.
942 _hV73:19'N7, L2
_cTEXL
_2CC
999 _c758137
_d758137